|
|
|
|
| LEADER |
01300nam a2200313 u 4500 |
| 001 |
10016285 |
| 003 |
upatras |
| 005 |
20240610075555.0 |
| 008 |
881025s1996 eng |
| 020 |
|
|
|a 0582246911
|
| 040 |
|
|
|a GR-PaULI
|c GR-PaULI
|
| 041 |
0 |
|
|a eng
|
| 082 |
0 |
4 |
|a 410
|
| 245 |
1 |
0 |
|a Contemporary linguistics
|b an introduction
|c edited by William O'Grady, Michael Dobrovolsky, Francis Katamba
|
| 260 |
|
|
|a London
|b Longman
|c 1996
|
| 300 |
|
|
|a xx, 755 p.
|b tab.
|c 25 cm
|
| 490 |
0 |
|
|a Learning about language
|
| 505 |
1 |
|
|a Includes glossary and index
|
| 650 |
|
0 |
|a Γλωσσολογία
|9 517
|
| 700 |
1 |
|
|a Dobrovolsky, Michael
|9 137323
|
| 700 |
1 |
|
|a Katamba, Francis,
|d 1947-
|9 58909
|
| 700 |
1 |
|
|a O'Grady, William
|9 137324
|
| 760 |
1 |
|
|a Learning about language
|
| 852 |
|
|
|a GR-PaULI
|b ΠΑΤΡΑ
|b ΒΚΠ
|b ΒΣ1
|k ΑΣΧΞ
|h 410 O
|m 36766
|p 025000070922
|t 2
|
| 852 |
|
|
|a GR-PaULI
|b ΠΑΤΡΑ
|b ΦΙΛΟΛΟΓΙΑ
|k ΑΣΧΞ
|h 410 O
|m 36765
|t 1
|
| 942 |
|
|
|2 ddc
|c BK15
|
| 952 |
|
|
|0 0
|1 0
|4 0
|6 410_000000000000000_O
|7 0
|9 164392
|a LISP
|b LISP
|c BSC
|d 2016-04-24
|i 36766
|l 1
|o 410 O
|p 025000070922
|r 2016-12-22 00:00:00
|s 2016-12-02
|t 2
|w 2016-04-24
|y BK15
|
| 952 |
|
|
|0 0
|1 0
|4 0
|6 410_000000000000000_O
|7 0
|9 164393
|a LTRT
|b LTRT
|d 2016-04-24
|i 36765
|l 0
|o 410 O
|r 2016-04-24 00:00:00
|t 1
|w 2016-04-24
|y BK15
|
| 999 |
|
|
|c 103078
|d 103078
|